Arrazola. (Record no. 84610)

MARC details
000 -CABECERA
campo de control de longitud fija 00728ngm a2200205 a 4500
005 - FECHA Y HORA DE LA ÚLTIMA TRANSACCIÓN
campo de control 20240921063850.0
008 - ELEMENTOS DE LONGITUD FIJA--INFORMACIÓN GENERAL
campo de control de longitud fija 010731s1999 mx 026 aaspa d
035 ## - NÚMERO DE CONTROL DEL SISTEMA
Número de control de sistema UPN01000110701
049 ## - COLECCIÓN
Colección AV
050 #4 - SIGNATURA TOPOGRÁFICA DE LA BIBLIOTECA DEL CONGRESO
Número de clasificación PVI TT 0924
245 00 - MENCIÓN DE TÍTULO
Título Arrazola.
260 ## - PUBLICACIÓN, DISTRIBUCIÓN, ETC.
Lugar de publicación, distribución, etc. México :
Nombre del editor, distribuidor, etc. ILCE,
Fecha de publicación, distribución, etc. 1999.
300 ## - DESCRIPCIÓN FÍSICA
Extensión 1 videocasete (VHS) (26 min.) :
Otras características físicas son., col.
440 #0 - MENCIÓN DE SERIE/ASIENTO SECUNDARIO--TÍTULO
Título Pueblos artesanos ;
Designación de volumen o secuencia 2
520 ## - NOTA DE RESUMEN, ETC.
Sumario, etc. Arrazola y otros dos pueblos oaxaqueños se dedican, desde hace 2 décadas, a la talla de la madera. Los alebrijes, son las obras más conocidas de la expresión creativa de estos pueblos
650 #4 - ASIENTO SECUNDARIO DE MATERIA - TERMINO TEMATICO
Término de materia o nombre geográfico como elemento de entrada ARTESANOS -
Subdivisión geográfica OAXACA
9 (RLIN) 2034
650 #2 - ASIENTO SECUNDARIO DE MATERIA - TERMINO TEMATICO
Término de materia o nombre geográfico como elemento de entrada Artesanías
9 (RLIN) 2069
650 #2 - ASIENTO SECUNDARIO DE MATERIA - TERMINO TEMATICO
Término de materia o nombre geográfico como elemento de entrada Artes y oficios
9 (RLIN) 2772
905 ## - TIPO DE MATERIAL
Tipo de material Audiovisuales
Holdings
Estado de retiro Estado de pérdida Fuente del sistema de clasificación o colocación Estado dañado No para préstamo Código de colección Localización permanente Ubicación/localización actual Ubicación en estantería Total de préstamos Clasificación Código de barras Fecha visto por última vez Número de copia Tipo de ítem Koha
    Library of Congress Classification     Audiovisuales Bib. Gregorio Torres Quintero Bib. Gregorio Torres Quintero Audiovisual   PVI TT 0924 172240 31/12/2020 1 Videocasete